000 00674nam a2200289Ia 4500
005 20260324135649.0
008 008 260324s9999 xx 000 0 eng d
020 _a9780429077265
037 _aEBOOK
040 _aCRL
040 _beng
040 _cCRL
041 _2eng
041 _aeng
084 _qCRL
100 _aDieter Balzer; Harald Luders
_91201432
245 0 _aNonionic Surfactants
245 0 _bAlkyl Polyglucosides
260 _bTaylor and Francis
260 _c2000
365 _a
365 _b640
856 _uhttp://www.taylorfrancis.com/books/9780429077265
942 _cEBOOK
999 _c1802767
_d1802767